00493nam a2200181 a 4500001001300000003000900013005001700022008004100039020002600080082001600106100001800122245005200140260004700192300000900239500003500248505001000283700001800293nice12345678IN_TiNIC20260116013133.0050524s1989 newa grp 000 0 eng  a0815632 c702.6500a297.82bHAE aHaeri, Shahla aLaw of Desireb Temporary Marriage in Shii Iran aNew YorkbSyracuse University Press c1989 a256p aincludes index and biblioraphy2 aIndex1 aHaeri, Shahla